| 000 | 00721nam a2200217 a 4500 | ||
|---|---|---|---|
| 005 | 20210223125643.0 | ||
| 008 | 050512s2000 es 000 0 spa d | ||
| 020 | _a8484320642 | ||
| 035 | _aUPN01000138898 | ||
| 049 | _aCG | ||
| 050 | 4 |
_aGN799 A4 _bT8.6 |
|
| 100 | 1 | _aTudge, Colin | |
| 245 | 1 | 0 |
_aNeandertales, bandidos y granjeros : _bcómo surgió realmente la agricultura / _cColin Tudge ; tr. Mercedes García Garmilla. |
| 260 |
_aBarcelona, Esp. : _bCrítica, _c2000. |
||
| 300 | _a90 p. | ||
| 440 | 0 | _aDarwinismo hoy | |
| 534 |
_pTraducción: _tNeanderthals, bandits and farmes : how agriculture really began |
||
| 650 | 4 |
_aAGRICULTURA - _xORIGEN _9959 |
|
| 650 | 4 |
_aEDAD DE LA PIEDRA _93081 |
|
| 905 | _aLibro | ||
| 999 |
_c111046 _d111046 |
||